Timepiece /

Saved in:
Bibliographic Details
Main Author: Ball, Brian, 1932-
Format: Book
Language:English
Published: London : Science Fiction Book Club by arrangement with Dobson Books, c1968.
LEADER 00785nam a2200205 a 4500
001 c000112654
003 CARM
005 19991220154611.0
008 851119s1968 enk 000 1 eng d
019 1 |a 2515062  |z 4113903  |z 64956235  |5 LACONCORD2021 
035 |a (OCoLC)2431856  |5 LACONCORD2021 
040 |a APLS  |b eng  |c APLS  |d APLS 
082 1 4 |a 823.914  |2 19 
100 1 |a Ball, Brian,  |d 1932- 
245 1 0 |a Timepiece /  |c by Brian N. Ball. 
260 |a London :  |b Science Fiction Book Club by arrangement with Dobson Books,  |c c1968. 
300 |a 144 p. ;  |c 21 cm. 
852 8 |b CARM  |h A2:AJ21G0  |i A02406  |p 0158419  |f BK 
999 f f |i 81bcc70f-6da3-5072-a99b-a4867cfe1c69  |s efcfe04f-d99f-51c6-80a2-5fd03d126f41 
952 f f |p Can circulate  |a CAVAL  |b CAVAL  |c CAVAL  |d CARM 1 Store  |e A02406  |f A2:AJ21G0  |h Other scheme  |i book  |m 0158419